000 00320nam a2200133 i 4500
001 bg
100 1 _aIZRAEL, Urij. A.
245 0 _aGamma-izučenije radioaktivnych vypadenij /
_cJ.A. Izrael.
260 _aMoskva,
_c1967.
040 _cBPK
041 _apol
942 _cKS
008 s pl f |000 0 pol
999 _c12837
_d12837
856 _uhttp://koha.tu.koszalin.pl/cgi-bin/koha/opac-detail.pl?biblionumber=12837
_yKatalog online BPK